| 000 | 00886nas a2200289 4500 | ||
|---|---|---|---|
| 001 | BR0003146 | ||
| 003 | BR-BrBNA | ||
| 005 | 20231205101917.0 | ||
| 007 | ta | ||
| 008 | 230509b bl.|||p| |||| 00| 00por d | ||
| 040 |
_aBR-BrBNA _bpor _cBiblioteca Nacional de Agricultura |
||
| 041 | _a(Pt) | ||
| 072 | _aF06 | ||
| 100 | 1 | _aGervasio, E.S. | |
| 100 | 1 | _aCarvalho, J. de A. | |
| 100 | 1 | _aSantana, M.J. de | |
| 245 | 1 | _aEfeito da salinidade da agua de irrigacao na producao da alface americana | |
| 650 | _aAlface | ||
| 650 | _aIrrigacao | ||
| 650 | _aQualidade da Agua | ||
| 650 | _aSalinidade | ||
| 650 | _aCondutividade Eletrica | ||
| 650 | _aMinas Gerais | ||
| 773 | 0 |
_tRevista Brasileira de Engenharia Agricola e Ambiental (Brazil) _xISSN 1415-4366 _g(Jan-Apr 2000), v. 4(1) p. 125-128 _wBR0003146 |
|
| 909 |
_a202311 _bLúcia _c55 _dLúcia Elande |
||
| 942 |
_2AGRIS _n0 _cANA |
||
| 999 |
_c164660 _d164660 |
||